Italian Language Food - Dairy - Statistics

General Stats
  • This quiz has been taken 96 times
  • The average score is 13 of 15
Answer Stats
Hint Answer % Correct
butter burro
96%
cheddar cheddar
96%
cream crema
96%
ice cream gelato
96%
mozarella mozarella
96%
parmesan parmigiana
96%
ricotta ricotta
96%
swiss svizzero
96%
egg uovo
96%
milk latte
93%
yogurt yogurt
93%
cheese formaggio
89%
sour cream panna acida
74%
cottage fiocchi di latte
59%
dairy products latticini
41%
No matching quizzes found
Score Distribution
Percent of People with Each Score
Percentile by Number Answered
Your Score History
You have not taken this quiz